000 00588aas a2200181 4500
999 _c50106
_d50106
001 768714001
003 CO-MdFUSB
005 20170912150107.0
008 170912s2002 ag ||||| |||| 00| 0 spa d
022 _a0326-6737
040 _aCO-MdFUSB
_bspa
_cCO-MdFUSB
_dCO-MdFUSB
041 _aspa
100 1 _aKierkegaard, Sören
_eautor
245 1 0 _aCómo juzga Cristo al cristiano oficial
_c/ Kierkegaard, Sören
300 _aVolumen 21 (2002), páginas 357-364
_c: 23 cm.
773 0 _tCuadernos de Teología
_049404
_959700
_gVolumen 21 (2002), páginas 357-364
_qPágina 357
942 _cANA